[Event "AUTO-ADV-3017"]
[Site "http://www.queenalice.com/game.php?id=1236276"]
[Date "2013.11.29"]
[Round "1"]
[White "Barbara2409"]
[Black "twiddledeedum"]
[Result "1-0"]
[WhiteElo "1873"]
[BlackElo "1552"]

1. e4 e5 2. b3 g6 3. Bb2 Bg7 4. Nf3 d6 5. d4 Bg4 6. Be2 Nc6 7. dxe5 Nxe5 8. Nxe5
Bxe2 9. Qxe2 Bxe5 10. Bxe5 dxe5 11. O-O Ne7 12. Nd2 O-O 13. Nc4 Nc6 14. Rad1 Qe7
15. Qd2 Rad8 16. Qc3 Nd4 17. Rd2 f6 18. f4 b6 19. fxe5 Nb5 20. Qe3 c5 21. Rxd8
Qxd8 22. exf6 Rxf6 23. Rxf6 Qxf6 24. e5 Qe6 25. a4 Nc7 26. Qg5 Qd7 27. h3 Ne6
28. Qf6 Qf7 29. Qxf7+ Kxf7 30. Kf2 Nd4 31. c3 Nxb3 32. Kf3 Ke6 33. Kf4 h6 34. g3
Nc1 35. Ke3 Kd5 36. Kd2 Nb3+ 37. Ke3 Na5 38. Nxa5 Kxe5 39. Nc6+ Kd6 40. Nxa7 Kd5
41. Kd3 g5 42. c4+ Ke5 43. Nc6+ Kd6 44. Na7 Ke5 45. Ke3 h5 46. Nb5 Kf5 47. Nd6+
Ke5 48. Nc8 1-0

[Event "AUTO-ADV-3017"]
[Site "http://www.queenalice.com/game.php?id=1236283"]
[Date "2013.11.29"]
[Round "1"]
[White "ACamargo"]
[Black "Barbara2409"]
[Result "0-1"]
[WhiteElo "2001"]
[BlackElo "1900"]

1. d4 d5 2. c4 dxc4 3. Nc3 c6 4. a4 Nf6 5. e4 e6 6. Bxc4 Bb4 7. e5 Nd5 8. Qc2 c5
9. dxc5 Bxc5 10. Nxd5 exd5 11. Bb5+ Bd7 12. Qxc5 Bxb5 13. Qxb5+ Qd7 14. Qb4 Nc6
15. Qc3 O-O 16. Nf3 Rac8 17. Bf4 Ne7 18. Qd4 Rc4 19. Qd2 Re4+ 20. Be3 Nf5 21.
O-O Nxe3 22. Rfe1 Nc4 23. Qc3 Rxe1+ 24. Nxe1 Qe6 25. Nf3 f6 26. exf6 Qxf6 27.
Qxf6 Rxf6 28. b3 Nb2 29. Ra2 Nd1 30. Rd2 Nc3 31. Kf1 Rd6 32. Nd4 Rd7 33. Rd3 Ne4
34. b4 g6 35. f3 Nf6 36. b5 a6 37. Ne6 axb5 38. axb5 b6 39. Ke2 Re7 40. Re3 Kf7
41. Ng5+ Kf8 42. Ne6+ Ke8 43. Nc7+ Kd8 44. Rxe7 Kxe7 45. Na8 Nd7 46. Ke3 Kd6 47.
Kd4 h6 48. h3 Nf8 49. Nxb6 Ne6+ 50. Kc3 Kc5 51. Nd7+ Kxb5 52. g3 Ng5 53. Kd4 Kc6
54. Ne5+ Kd6 55. f4 Ne6+ 56. Kd3 Nc5+ 57. Ke3 Ne4 58. g4 g5 59. Nf7+ Kc5 60. f5
Kc4 61. Nxh6 Nc5 62. Nf7 Ne4 63. Ne5+ Kc3 64. Nf3 Kc4 65. Nd2+ Nxd2 66. Kxd2 Kc5
67. Kd3 Kc6 68. Kd4 Kd6 69. f6 Ke6 70. Ke3 Kxf6 0-1

[Event "AUTO-ADV-3017"]
[Site "http://www.queenalice.com/game.php?id=1236284"]
[Date "2013.11.29"]
[Round "1"]
[White "Barbara2409"]
[Black "ACamargo"]
[Result "1-0"]
[WhiteElo "1850"]
[BlackElo "1981"]

1. e4 e5 2. Bc4 Nf6 3. Nc3 a6 4. Nf3 d5 5. Nxd5 Nxd5 6. Bxd5 Bd6 7. Bb3 O-O 8.
h3 Nc6 9. d3 h6 10. Be3 Kh8 11. O-O f5 12. Nh2 f4 13. Bd2 Nd4 14. Bc4 Qg5 15.
Kh1 b5 16. Bb3 Nxb3 17. axb3 Qf6 18. Bc3 c5 19. Ba5 g5 20. c4 b4 21. Qh5 Kh7 22.
g3 f3 23. Ng4 Bxg4 24. Qxg4 Rf7 25. Rg1 Kg6 26. h4 h5 27. Qh3 Kh6 28. hxg5+ Qxg5
29. Qh4 Qxh4+ 30. gxh4 Rg7 31. Rxg7 Kxg7 32. Rg1+ Kh6 33. Rg3 Rf8 34. Kg1 Rf4
35. Rh3 Be7 36. Bc7 Rxh4 37. Rxh4 Bxh4 38. Bxe5 Be7 39. Kh2 Bh4 40. Bg3 Be7 41.
Bf4+ Bg5 42. Bxg5+ Kxg5 43. Kg3 h4+ 44. Kxf3 1-0

[Event "bonow-2"]
[Site "http://www.queenalice.com/game.php?id=1236739"]
[Date "2013.12.1"]
[Round "1"]
[White "Barbara2409"]
[Black "rubenov"]
[Result "1-0"]
[WhiteElo "1799"]
[BlackElo "2013"]

1. d4 d5 2. Nc3 c6 3. e4 dxe4 4. Nxe4 Bf5 5. Ng3 Bg6 6. Nf3 e6 7. Bc4 Nd7 8. O-O
Nb6 9. Bb3 Bd6 10. a3 Qc7 11. Bg5 Ne7 12. Qe2 O-O 13. Ne5 Bxe5 14. dxe5 h6 15.
Bd2 Ned5 16. Nh5 Nd7 17. Rfe1 Nc5 18. Nf4 Nxf4 19. Bxf4 Nxb3 20. cxb3 Rad8 21.
Bg3 Rd5 22. Rad1 Rfd8 23. Rxd5 Rxd5 24. f4 Qb6+ 25. Bf2 Qxb3 26. Bxa7 Qa4 27.
Bf2 Qxf4 28. Bg3 Qd2 29. Qxd2 Rxd2 30. b4 Kf8 31. h3 Rd3 32. Bf2 Rxa3 33. Rd1
Ke8 34. Bb6 Rb3 35. Rd8+ Ke7 36. Rb8 Be4 37. Rxb7+ Ke8 38. Rb8+ 1-0

[Event "bonow-2"]
[Site "http://www.queenalice.com/game.php?id=1236754"]
[Date "2013.12.1"]
[Round "2"]
[White "Hortelino"]
[Black "Barbara2409"]
[Result "1/2-1/2"]
[WhiteElo "2231"]
[BlackElo "1799"]

1. d4 d5 2. c4 Nc6 3. Nf3 g6 4. cxd5 Qxd5 5. Nc3 Qd8 6. Bf4 Bg7 7. e3 e6 8. Be2
Nge7 9. O-O O-O 10. Bg3 a6 11. a3 b5 12. Qc2 Bb7 13. Ne4 Nf5 14. Nc5 Bc8 15.
Nxe6 Bxe6 16. Qxc6 Nxg3 17. hxg3 Qd7 18. Rac1 Qxc6 19. Rxc6 Ra7 20. Rfc1 Rc8 21.
b4 Bd7 22. R6c5 c6 23. d5 Rac7 24. Nd4 Bf8 25. R5c2 c5 26. bxc5 Rxc5 27. Rxc5
Rxc5 28. Rxc5 Bxc5 29. Nc2 g5 30. Kf1 f6 31. Ke1 Kf7 32. Kd2 Ke7 33. f3 Kd6 34.
e4 f5 35. g4 fxe4 36. fxe4 Ke5 37. Nb4 Kxe4 38. Nxa6 Bxa3 39. Nc7 b4 40. Bf3+
Kf4 41. Ne6+ Bxe6 42. dxe6 b3 43. Kc3 b2 44. Kc2 Ke5 45. e7 Bxe7 46. Kxb2 h6 47.
Kc3 Bf8 48. Kd3 Bg7 49. Kc4 Ke6 50. Kd3 Ke5 51. Kc4 Ke6 52. Kc5 Ke5 53. Kc6
1/2-1/2

[Event "Challenge"]
[Site "http://www.queenalice.com/game.php?id=1239485"]
[Date "2013.12.12"]
[Round "-"]
[White "Barbara2409"]
[Black "julianomachado"]
[Result "0-1"]
[WhiteElo "1885"]
[BlackElo "1982"]

1. e4 c5 2. Nf3 d6 3. d4 cxd4 4. Nxd4 Nf6 5. Nc3 g6 6. Bb5+ Bd7 7. Bxd7+ Qxd7 8.
O-O a6 9. h3 e5 10. Nf3 Bg7 11. Nh2 O-O 12. f3 a5 13. Nd5 Nxd5 14. Qxd5 Nc6 15.
c3 Qc7 16. Be3 Ne7 17. Qd2 f5 18. Bh6 Rf7 19. Bxg7 Kxg7 20. Rad1 Qb6+ 21. Kh1
fxe4 22. fxe4 Raf8 23. Rxf7+ Rxf7 24. b3 Rf2 25. Qxd6 Qxd6 26. Rxd6 Rxa2 27. Nf3
a4 28. Rd7 Kf6 29. Rxb7 a3 30. Ng5 Kxg5 31. Rxe7 Kf6 32. Rxh7 Rb2 33. Rb7 a2 34.
Rb6+ Kg5 35. Ra6 Rb1+ 36. Kh2 a1=Q 37. Rxa1 Rxa1 38. Kg3 Ra3 0-1

[Event "Challenge"]
[Site "http://www.queenalice.com/game.php?id=1244482"]
[Date "2014.1.2"]
[Round "-"]
[White "AlekinePb"]
[Black "Barbara2409"]
[Result "1-0"]
[WhiteElo "1932"]
[BlackElo "1925"]

1. d4 d5 2. Nf3 Nc6 3. Bf4 Bf5 4. e3 e6 5. c4 dxc4 6. Bxc4 Bb4+ 7. Nbd2 Nge7 8.
O-O O-O 9. Qb3 b6 10. Rac1 Bd6 11. Bg5 Na5 12. Qc3 Nxc4 13. Nxc4 f6 14. Bh4 Nd5
15. Qd2 g5 16. Nxd6 cxd6 17. Bg3 e5 18. dxe5 dxe5 19. Rfd1 Ne7 20. Qd6 Qxd6 21.
Rxd6 Ng6 22. Rcc6 Rad8 23. h3 Rxd6 24. Rxd6 h5 25. Nd2 h4 26. Bh2 Kg7 27. e4 Bc8
28. Kf1 Nf4 29. Bxf4 exf4 30. f3 Rf7 31. Rc6 Ba6+ 32. Ke1 Bb5 33. Rc8 Rf8 34.
Rc7+ Rf7 35. Rc3 Re7 36. b3 f5 37. a4 Ba6 38. b4 Bb7 39. Rc4 Kh6 40. Kd1 fxe4
41. fxe4 Kh5 42. Ke2 Re5 43. Kf3 Re7 44. Nb3 Rd7 45. Rd4 Rxd4 46. Nxd4 Kg6 47.
b5 Kf6 48. Nc6 a6 49. Kg4 Bc8+ 50. Kf3 a5 51. e5+ Ke6 52. Ke4 Bb7 53. Kd4 Ba8
54. Nd8+ Kd7 55. Nf7 Bxg2 56. Nxg5 f3 57. Ke3 Ke7 58. Nxf3 Ke6 59. Nxh4 Bxh3 60.
Kd4 Bg4 61. Ng2 Bd1 62. Nf4+ Ke7 63. Nd5+ Kd7 64. Nxb6+ Kc7 65. Kc5 Kb7 66. e6
Kc7 67. Nd5+ Kb7 68. e7 1-0

[Event "AUTO-ADV-3045"]
[Site "http://www.queenalice.com/game.php?id=1246094"]
[Date "2014.1.7"]
[Round "1"]
[White "Admilton"]
[Black "Barbara2409"]
[Result "0-1"]
[WhiteElo "1456"]
[BlackElo "1925"]

1. d4 d5 2. h3 e6 3. Nf3 h6 4. e3 a6 5. a3 Bd6 6. c4 c6 7. c5 Be7 8. Ne5 Nf6 9.
f3 Nbd7 10. Nxd7 Bxd7 11. Nd2 Nh5 12. Bd3 Bh4+ 13. g3 Bxg3+ 14. Ke2 e5 15. Qf1
exd4 16. exd4 Nf4+ 17. Kd1 O-O 18. Qg1 Qg5 19. Nb3 Rfe8 20. Bxf4 Qxf4 21. Kc2
Bf5 22. Bxf5 Qxf5+ 23. Kc3 Qxf3+ 24. Kc2 Re2+ 25. Nd2 Qe4+ 26. Kc1 Re1+ 27. Qxe1
Qxe1+ 28. Rxe1 Bxe1 29. Nf3 Bf2 30. Kc2 Re8 31. Rd1 Re4 32. Rd3 f6 0-1

[Event "AUTO-ADV-3045"]
[Site "http://www.queenalice.com/game.php?id=1246095"]
[Date "2014.1.7"]
[Round "1"]
[White "Barbara2409"]
[Black "Admilton"]
[Result "1-0"]
[WhiteElo "1928"]
[BlackElo "1693"]

1. e4 Nc6 2. d4 e5 3. dxe5 Nxe5 4. Nf3 Nxf3+ 5. Qxf3 h6 6. Bc4 Nf6 7. O-O d6 8.
h3 a6 9. Nc3 Qe7 10. Nd5 Nxd5 11. exd5 b5 12. Bd3 Bb7 13. Bd2 O-O-O 14. Rfe1 Qd7
15. Bf5 g5 16. Bxd7+ Rxd7 17. Qg4 Bxd5 18. Re8+ 1-0

[Event "AUTO-ADV-3045"]
[Site "http://www.queenalice.com/game.php?id=1246108"]
[Date "2014.1.7"]
[Round "1"]
[White "Barbara2409"]
[Black "NickThorp"]
[Result "1-0"]
[WhiteElo "1882"]
[BlackElo "1560"]

1. e4 e5 2. Nf3 Nc6 3. Bc4 Bc5 4. d3 d6 5. Ng5 Be6 6. Nxe6 Qe7 7. Nxc5 O-O-O 8.
Nb3 Nf6 9. Be3 Kb8 10. Nc3 a6 11. Nd5 Nxd5 12. Bxd5 Qd7 13. Qd2 f6 14. Qc3 Ne7
15. d4 Nxd5 16. exd5 g5 17. O-O-O Qg4 18. g3 e4 19. Qb4 Qd7 20. Na5 Qb5 21. Qxb5
axb5 22. c4 b6 23. Nc6+ Kc8 24. Nxd8 Kxd8 25. cxb5 Kd7 26. Rhf1 Ra8 27. a3 Ra5
28. f3 exf3 29. Rxf3 Ke7 30. Rdf1 Kd8 31. Rxf6 Kc8 32. Rf7 Rxb5 33. R1f5 h6 34.
Rh7 Kb7 35. Rxh6 c6 36. Rf7+ Ka6 37. dxc6 1-0

[Event "AUTO-ADV-3045"]
[Site "http://www.queenalice.com/game.php?id=1246109"]
[Date "2014.1.7"]
[Round "1"]
[White "NickThorp"]
[Black "Barbara2409"]
[Result "1-0"]
[WhiteElo "1650"]
[BlackElo "1876"]

1. e4 e5 2. Nf3 d6 3. Bb5+ Bd7 4. Bxd7+ Nxd7 5. O-O Ngf6 6. d3 h6 7. h3 d5 8.
Nc3 d4 9. Nd5 Nxd5 10. exd5 f6 11. c4 dxc3 12. bxc3 Nb6 13. c4 Bc5 14. Qe2 Qe7
15. Bb2 O-O-O 16. Qe4 Na4 17. Rab1 Nxb2 18. Rxb2 Rd6 19. Rfb1 Rb6 20. Rxb6 Bxb6
21. a4 Qc5 22. Rb2 Qa3 23. Re2 Qxa4 24. Nh4 Qa1+ 25. Re1 Qd4 26. Qxd4 Bxd4 27.
Nf3 Bb6 28. g4 g6 29. Nh4 g5 30. Nf5 Kd7 31. Kg2 c6 32. d6 Bc5 33. Ra1 a6 34.
Ra5 Bxd6 35. c5 Bc7 36. Ra2 Re8 37. Nxh6 e4 38. dxe4 Rxe4 39. Rc2 Ba5 40. f3 Re5
41. Nf7 Rd5 42. Rc4 Rd2+ 43. Kf1 Rh2 44. Nd6 b6 45. Nb7 1-0

[Event "AUTO-ADV-3045"]
[Site "http://www.queenalice.com/game.php?id=1246110"]
[Date "2014.1.7"]
[Round "1"]
[White "Barbara2409"]
[Black "miguel7"]
[Result "1-0"]
[WhiteElo "1911"]
[BlackElo "1812"]

1. e4 c5 2. d4 cxd4 3. Qxd4 Nc6 4. Qd1 e5 5. Nf3 Nf6 6. Bg5 Be7 7. Nc3 d6 8. h3
a6 9. Bc4 O-O 10. O-O h6 11. Be3 b5 12. Be2 b4 13. Nd5 Nxe4 14. Nb6 Rb8 15. Nxc8
Qxc8 16. Qd3 Nc5 17. Bxc5 dxc5 18. Qxa6 Qxa6 19. Bxa6 Bf6 20. Rab1 Nd4 21. Nxd4
exd4 22. Bc4 Ra8 23. Rfe1 Rfe8 24. Rxe8+ Rxe8 25. b3 Ra8 26. Re1 Rxa2 27. Re8+
Kh7 28. Rc8 Rxc2 29. Bd3+ g6 30. Bxc2 Be7 31. Rc7 Bf8 32. Rxf7+ Kg8 33. Bxg6 Bd6
34. Rd7 Be5 35. Rd5 1-0

[Event "AUTO-ADV-3045"]
[Site "http://www.queenalice.com/game.php?id=1246111"]
[Date "2014.1.7"]
[Round "1"]
[White "miguel7"]
[Black "Barbara2409"]
[Result "1-0"]
[WhiteElo "1819"]
[BlackElo "1908"]

1. e4 d5 2. Nc3 dxe4 3. Nxe4 e5 4. Nf3 Nc6 5. Bb5 Ne7 6. Nxe5 f6 7. Qh5+ Ng6 8.
Nxc6 bxc6 9. Bxc6+ Bd7 10. Bxa8 Qxa8 11. d3 Bb4+ 12. c3 Be7 13. O-O O-O 14. Be3
Qb8 15. Rfb1 Bb5 16. c4 Bc6 17. Nc5 Qc8 18. b4 Ne5 19. b5 Bd7 20. Nxd7 Qxd7 21.
d4 Nxc4 22. a4 Nxe3 23. fxe3 Qe6 24. Qe2 Bd6 25. g3 Qd5 26. a5 Qg5 27. b6 cxb6
28. axb6 axb6 29. Rxb6 Be7 30. Rab1 f5 31. Qc4+ Kh8 32. Qb3 Rd8 33. Kf2 1-0

[Event "Invitation"]
[Site "http://www.queenalice.com/game.php?id=1246373"]
[Date "2014.1.8"]
[Round "-"]
[White "Felipe162503"]
[Black "Barbara2409"]
[Result "1-0"]
[WhiteElo "2090"]
[BlackElo "1894"]

1. c4 c5 2. Nc3 Nf6 3. g3 Nc6 4. Bg2 e6 5. e3 d5 6. cxd5 Nxd5 7. Nge2 g6 8. O-O
Bg7 9. b3 O-O 10. Ba3 b6 11. Rc1 Ba6 12. Re1 Rc8 13. Nxd5 exd5 14. d4 Re8 15.
dxc5 bxc5 16. Bxc5 Ne5 17. Bxa7 Nd3 18. Rxc8 Qxc8 19. Rf1 Qb7 20. Bd4 Bxd4 21.
Nxd4 Nb2 22. Qf3 Bxf1 23. Bxf1 Rd8 24. Qe2 1-0

[Event "Invitation"]
[Site "http://www.queenalice.com/game.php?id=1246374"]
[Date "2014.1.8"]
[Round "-"]
[White "Barbara2409"]
[Black "Felipe162503"]
[Result "0-1"]
[WhiteElo "1910"]
[BlackElo "2081"]

1. e4 c5 2. Nf3 Nc6 3. Bc4 d6 4. Nc3 Bg4 5. Be2 g6 6. d4 Bxf3 7. Bxf3 Nxd4 8.
Nd5 e6 9. Ne3 Bg7 10. c3 Nxf3+ 11. Qxf3 Ne7 12. Ng4 Nc6 13. O-O Ne5 14. Nxe5
Bxe5 15. Bh6 Qh4 16. Qh3 Qxe4 17. Rfe1 Qf5 18. Qxf5 gxf5 19. h3 Rg8 20. Re3 Rg6
21. f4 Bf6 22. Bg5 Bxg5 23. fxg5 Rxg5 24. Kh2 O-O-O 25. b4 a6 26. Rd3 f4 27. Rf1
e5 28. a3 Rdg8 29. Rf2 Kc7 30. c4 Rg3 31. Rxg3 fxg3+ 0-1

[Event "bonow-2"]
[Site "http://www.queenalice.com/game.php?id=1247297"]
[Date "2014.1.11"]
[Round "3"]
[White "Barbara2409"]
[Black "bonow"]
[Result "0-1"]
[WhiteElo "1888"]
[BlackElo "2136"]

1. e4 c5 2. Nf3 d6 3. Bb5+ Bd7 4. Bxd7+ Qxd7 5. Nc3 Nc6 6. d3 Nf6 7. Be3 e5 8.
O-O Be7 9. h3 O-O 10. a3 Rac8 11. Qe2 b5 12. Nxb5 a6 13. Nc3 Rb8 14. b3 Nd4 15.
Bxd4 cxd4 16. Na4 Rfc8 17. Rfc1 Nh5 18. Nxe5 Nf4 19. Nxd7 Nxe2+ 20. Kf1 Nxc1 21.
Nxb8 Rxc2 22. b4 Nxd3 23. f3 Nc1 24. Nxa6 Bh4 25. b5 d3 26. Nb2 Rf2+ 27. Kg1 d2
28. b6 Bg3 29. b7 Ne2+ 30. Kh1 d5 31. exd5 Nc1 32. Kg1 d1=Q+ 33. Nxd1 Ne2+ 0-1

[Event "bonow-2"]
[Site "http://www.queenalice.com/game.php?id=1257154"]
[Date "2014.2.16"]
[Round "4"]
[White "Barbara2409"]
[Black "byyonico"]
[Result "0-1"]
[WhiteElo "1851"]
[BlackElo "1705"]

1. d4 e6 2. e3 d5 3. Nf3 f6 4. Bd3 Bd6 5. Bd2 Ne7 6. O-O O-O 7. Nc3 c5 8. b3
Nbc6 9. Nb5 cxd4 10. exd4 e5 11. dxe5 fxe5 12. Ng5 Ng6 13. Qh5 Re8 14. Qxh7+ Kf8
15. Qxg6 Re7 16. Nxd6 Qd7 17. Nxc8 Rxc8 18. Nh7+ Kg8 0-1

[Event "Challenge"]
[Site "http://www.queenalice.com/game.php?id=1260410"]
[Date "2014.2.27"]
[Round "-"]
[White "Edmorf"]
[Black "Barbara2409"]
[Result "0-1"]
[WhiteElo "1582"]
[BlackElo "1829"]

1. e4 d5 2. e5 f6 3. exf6 exf6 4. Nf3 Bc5 5. Qe2+ Qe7 6. Nc3 Qxe2+ 7. Nxe2 Nc6
8. d4 Bb4+ 9. Bd2 Nge7 10. O-O-O Bf5 11. h3 O-O-O 12. Nh4 Bd7 13. c3 Bd6 14. g3
Nf5 15. Nxf5 Bxf5 16. g4 Be4 17. Rg1 Bh2 18. Bg2 Bxg1 19. Rxg1 Bg6 20. Nf4 Bf7
21. h4 Na5 22. g5 f5 23. Re1 Rd7 24. h5 g6 25. hxg6 hxg6 26. Bh1 Nc4 27. b3 Nxd2
28. Kxd2 c6 29. Bf3 b6 30. c4 dxc4 31. Bxc6 Rxd4+ 32. Kc3 Rxf4 33. Re7 Rh3+ 34.
Kb2 Rxf2+ 35. Ka3 cxb3 36. Rxf7 bxa2+ 37. Ka4 a1=Q+ 38. Kb4 Qa5+ 39. Kc4 Rf4+
40. Be4 Rxe4# 0-1

[Event "The Beatles"]
[Site "http://www.queenalice.com/game.php?id=1266653"]
[Date "2014.3.20"]
[Round "-"]
[White "bobifixer"]
[Black "Barbara2409"]
[Result "1-0"]
[WhiteElo "1905"]
[BlackElo "1766"]

1. d4 d5 2. Nf3 Nc6 3. g3 Bg4 4. Bg2 e6 5. O-O Bd6 6. Bg5 Nf6 7. c3 h6 8. Bxf6
Qxf6 9. Nbd2 O-O 10. e4 dxe4 11. Nxe4 1-0